|
|
|
|
| LEADER |
00000nam0a2200000 4500 |
| 001 |
155048 |
| 005 |
20231101221817.0 |
| 010 |
|
|
|a 9785981910364
|
| 035 |
|
|
|a (RuTPU)RU\TPU\book\168177
|
| 090 |
|
|
|a 155048
|
| 100 |
|
|
|a 20090311d2008 k y0rusy50 ca
|
| 101 |
0 |
|
|a rus
|
| 102 |
|
|
|a RU
|
| 105 |
|
|
|a a z 001zy
|
| 200 |
1 |
|
|a Электрохимия сульфидов. Теория и практика флотации
|f В. А. Чантурия, В. Е. Вигдергауз
|g Российская академия наук (РАН), Институт проблем комплексного освоения недр (ИПКОН)
|
| 205 |
|
|
|a 2-е изд., перераб. и доп.
|
| 210 |
|
|
|a Москва
|c Руда и металлы
|d 2008
|
| 215 |
|
|
|a 272 с.
|c ил.
|
| 320 |
|
|
|a Библиогр.: с. 242-268.
|
| 330 |
|
|
|a В монографии отражена история и обобщен опыт развития электрилимических исследований в области сульфидной флотации. Показаны роль кислорода и редокс-переходов сульфидной поверхности в кинетике сорбции тиоловых собирателей и формирования гидрофобного слоя на поверхности сульфидных минералов. Описаны закономерности автоокисления тиолов, катализируемого фталоцианинами кобальта. В новом издании отражено влияние нанонеоднородности минеральной поверхности на изменение смачиваемости минералов. Рассмотрены теоретические аспекты и практические возможности повышения контрастности физико-химических и флотационных свойств сульфидов и безреагентные методы оптимизации флотации полиметаллических и золотосодержащих сульфидных руд. Монография предназначена для специалистов в области обогащения полезных ископаемых и гидрометаллургии, преподавателей и студентов вузов соответствующих специальностей.
|
| 606 |
1 |
|
|a Сульфиды
|x Химия
|2 stltpush
|3 (RuTPU)RU\TPU\subj\58281
|9 76086
|
| 606 |
1 |
|
|a Электрохимия
|2 stltpush
|3 (RuTPU)RU\TPU\subj\21014
|9 46066
|
| 610 |
1 |
|
|a флотация
|
| 610 |
1 |
|
|a история
|
| 610 |
1 |
|
|a сульфидные минералы
|
| 610 |
1 |
|
|a физические свойства
|
| 610 |
1 |
|
|a редокс-переходы
|
| 610 |
1 |
|
|a кислород
|
| 610 |
1 |
|
|a ксантогенаты
|
| 610 |
1 |
|
|a сорбция
|
| 610 |
1 |
|
|a смачиваемость
|
| 610 |
1 |
|
|a поляризация
|
| 610 |
1 |
|
|a сульфидная флотация
|
| 610 |
1 |
|
|a электрохимическое регулирование
|
| 610 |
1 |
|
|a гидрометаллургия
|
| 610 |
1 |
|
|a полезные ископаемые
|
| 675 |
|
|
|a 546.22
|v 3
|
| 675 |
|
|
|a 544.6
|v 3
|
| 700 |
|
1 |
|a Чантурия
|b В. А.
|g Валентин Алексеевич
|
| 701 |
|
1 |
|a Вигдергауз
|b В. Е.
|g Владимир Евелевич
|
| 712 |
0 |
2 |
|a Российская академия наук (РАН)
|b Институт проблем комплексного освоения недр (ИПКОН)
|c (Москва)
|2 stltpush
|3 (RuTPU)RU\TPU\col\4426
|
| 801 |
|
1 |
|a RU
|b 63413507
|c 20090311
|g PSBO
|
| 801 |
|
2 |
|a RU
|b 63413507
|c 20150521
|g RCR
|
| 942 |
|
|
|c BK
|
| 959 |
|
|
|a 35/20090311
|d 2
|e 0
|f АНЛ:1
|f ЧЗТЛ:1
|